Hoofdsteden van Italiaanse regio's - KAART - Statistieken

Algemene statistieken
  • Deze quiz is 151 keer genomen
  • De gemiddelde score is 10 van 20
Antwoorden op de kaart
Antwoorden kleurgecodeerd door een groen-rode schaal op de quizkaart volgens % correct hieronder.
 
Antwoordstatistieken
Regio Hoofdstad % Correct
Lazio Rome
99%
Lombardije Milaan
98%
Piedmont Turijn
89%
Veneto Venetie
88%
Campania Napels
81%
Sicilie Palermo
71%
Apulie Bari
68%
Ligurie Genua
68%
Toscane Firenze
60%
Emilia-Romagna Bologna
57%
Friuli-Venezia Giulia Trieste
48%
Sardinie Cagliari
47%
Vallei van Aosta Aosta
30%
Umbrie Perugia
24%
Marche Ancona
21%
Trentino-Alto Adige Trento
18%
Calabrie Catanzaro
9%
Abruzzo L'Aquila
9%
Basilicata Potenza
8%
Molise Campobasso
6%
Geen overeenkomende quizzen gevonden
Scoreverdeling
Procent van Mensen met Elke Score
Percentiel versus Aantal Correcte Antwoorden
Uw Scoregeschiedenis
U heeft deze quiz nog niet genomen